000 01154nam0a2200301 4500
001 RU\NLR\bibl\1253821
005 20260406110258.0
010 _a978-5-9921-0101-0
_910000
021 _aRU
_b2008-35140
_91933
035 _a(NLR Aleph) 001239882
090 _a252029
_c252029
100 _a20080717d2007 |||y0rusy50 ca
101 0 _arus
102 _aRU
105 _aa |||||||||
200 1 _aЗаюшкина избушка
_e[для детей дошкольного возраста
_eдля чтения взрослыми детям
_fред. И. Краснобаева
_gхудож. В. Вахтин]
210 _aМосква
_cЛинг
_cЛинг-Книга
_d2007
215 _a[9] с.
_cцв. ил.
_d16
225 1 _aЧитаем с мамой
225 1 _aСерия "Глазки"
702 1 _4340
_7ca
_8rus
_aКраснобаева
_bИ.
_gИрина
_991277
_3RU\NLR\auth\77108352
702 1 _4040
_7ca
_8rus
_aВахтин
_bВ. Л.
_cхудожник
_gВиктор Л.
_937957
_3RU\NLR\AUTH\7755025
801 0 _aRU
_bNLR
_c20080717
_gRCR
801 1 _aRU
_bNLR
_c20080717
942 _cBOOK
980 _aNB